Vykazovanie výsledku hospodárenia obcí a vyšších územných celkov podľa jednotnej metodiky pre Európsku úniu

Nadväzne na požiadavku Združenia miest a obcí Slovenska a Združenia samosprávnych krajov SK8 o metodické usmernenie k vykazovaniu výsledkov hospodárenia v jednotnej metodike platnej pre EÚ, Ministerstvo financií SR vypracovalo pomôcku pre obce a vyššie územné celky.

Salvato in:
Dettagli Bibliografici
Autore principale: Neupauerová, Zuzana
Natura: Capitolo di libro
Lingua:slovacco
Soggetti:
Tags: Aggiungi Tag
Nessun Tag, puoi essere il primo ad aggiungerne!!

MARC

LEADER 00000naa a2200000 4500
001 0178572
005 20240502073032.7
041 0 |a slo 
044 |a SK 
245 1 0 |a Vykazovanie výsledku hospodárenia obcí a vyšších územných celkov podľa jednotnej metodiky pre Európsku úniu  |c Zuzana Neupauerová 
520 |a Nadväzne na požiadavku Združenia miest a obcí Slovenska a Združenia samosprávnych krajov SK8 o metodické usmernenie k vykazovaniu výsledkov hospodárenia v jednotnej metodike platnej pre EÚ, Ministerstvo financií SR vypracovalo pomôcku pre obce a vyššie územné celky. 
610 2 0 |a výkazy finančné 
610 2 0 |a výsledok hospodársky 
610 2 0 |a rozpočty 
610 2 0 |a obce 
610 2 0 |a vyššie územné celky 
610 2 0 |a príjmy 
610 2 0 |a výdavky 
610 2 0 |a pohľadávky 
610 2 0 |a záväzky 
100 1 |a Neupauerová, Zuzana